00488nam a2200109Ia 4500008004100000050002400041100003100065245014600096260008600242300002000328521003000348140724s9999 xx 000 0 und d aHF 5549b.M266 2011 aManansala, Paul Meebert G. aPerformance evaluation of outsource aides and maintenance staff of Southville International School and Colleges /cPaul Meebert G. Manansala. aLas Piñas, Philippines :bSouthville International School and Colleges,cc2011. a55 p. :c28 cm. aHuman Resource Management